The dark half / (Record no. 4430)
[ view plain ]
| 000 -LEADER | |
|---|---|
| fixed length control field | 01221cam a2200265 a 4500 |
| 001 - CONTROL NUMBER | |
| control field | 4430 |
| 003 - CONTROL NUMBER IDENTIFIER | |
| control field | FISKH |
| 005 - DATE AND TIME OF LATEST TRANSACTION | |
| control field | 20240905153634.0 |
| 008 - FIXED-LENGTH DATA ELEMENTS--GENERAL INFORMATION | |
| fixed length control field | 881215s1989 nyu 000 1 eng |
| 010 ## - LIBRARY OF CONGRESS CONTROL NUMBER | |
| LC control number | 88040628 |
| 020 ## - INTERNATIONAL STANDARD BOOK NUMBER | |
| International Standard Book Number | 067082982X : |
| 020 ## - INTERNATIONAL STANDARD BOOK NUMBER | |
| International Standard Book Number | 9783453048805 |
| 040 ## - CATALOGING SOURCE | |
| Original cataloging agency | DLC |
| Transcribing agency | DLC |
| Modifying agency | DLC |
| -- | OCoLC |
| -- | DLC |
| Language of cataloging | Ger |
| 050 ## - LIBRARY OF CONGRESS CALL NUMBER | |
| Classification number | PS3561.I483 |
| 082 ## - DEWEY DECIMAL CLASSIFICATION NUMBER | |
| Classification number | 813.54 |
| 100 1# - MAIN ENTRY--PERSONAL NAME | |
| Personal name | King, Stephen, |
| Dates associated with a name | 1947- |
| 245 14 - TITLE STATEMENT | |
| Title | The dark half / |
| Statement of responsibility, etc. | Stephen King. |
| 260 ## - PUBLICATION, DISTRIBUTION, ETC. | |
| Place of publication, distribution, etc. | New York : |
| Name of publisher, distributor, etc. | Viking, |
| Date of publication, distribution, etc. | 1989. |
| 300 ## - PHYSICAL DESCRIPTION | |
| Extent | 472 pages : |
| Dimensions | 19 cm |
| 520 ## - SUMMARY, ETC. | |
| Summary, etc. | Thad Beaumont would like to say he is innocent.<br/><br/>He'd like to say he has nothing to do with the series of monstrous murders that keep coming closer to his home.<br/>He'd like to say he has nothing to do with the twisted imagination that produced his bestselling novels.<br/>He'd like to say he has nothing to do with the voice on the phone uttering its obscene threats and demanding total surrender.<br/>But how can Thad disown the ultimate embodiment of evil that goes by the name he gave it and signs its crimes with Thad's bloody fingerprints? |
| 655 #7 - INDEX TERM--GENRE/FORM | |
| Genre/form data or focus term | Horror tales. |
| Source of term | gsafd |
| 906 ## - LOCAL DATA ELEMENT F, LDF (RLIN) | |
| a | 7 |
| b | cbc |
| c | orignew |
| d | 1 |
| e | ocip |
| f | 19 |
| g | y-gencatlg |
| 942 ## - ADDED ENTRY ELEMENTS (KOHA) | |
| Source of classification or shelving scheme | Dewey Decimal Classification |
| Koha item type | Books |
| Suppress in OPAC | No |
| Withdrawn status | Lost status | Source of classification or shelving scheme | Damaged status | Not for loan | Collection | Home library | Current library | Shelving location | Date acquired | Total Checkouts | Full call number | Barcode | Date last seen | Price effective from | Koha item type |
|---|---|---|---|---|---|---|---|---|---|---|---|---|---|---|---|
| Dewey Decimal Classification | Fiction | Footprints International School Library Network Toul Kork Campus | Footprints International School Library Network Toul Kork Campus | A TK Campus, 4th Floor, Room B401, Fiction Bookcases (1-6) | 09/05/2024 | KIN 813.54 PS3561.I483 | 2024-1891 | 09/05/2024 | 09/05/2024 | Books |
